| 000 | 00572nam a2200205Ia 4500 | ||
|---|---|---|---|
| 003 | OSt | ||
| 005 | 20251215120309.0 | ||
| 008 | 220923b |||||||| |||| 00| 0 urd d | ||
| 037 | _cTB | ||
| 040 |
_aARTS _cARTS _burd |
||
| 041 |
_2urd _aurd |
||
| 100 |
_aArifi Amir _9178929 |
||
| 245 | 0 | _aShahr Ashob | |
| 260 |
_aDelhi, India: _bDept. of Urdu, _c1994. |
||
| 300 |
_a288p. _ccm. |
||
| 365 |
_b125.00 _cINR |
||
| 650 |
_aURDU POETRY _9856572 |
||
| 942 |
_hO168,1:gx(Y:42) N4 _cTB _2CC _n0 |
||
| 999 |
_c399096 _d399096 |
||